Письменник пописує (Запис № 443541)
[ простий вигляд ]
| 000 -Лідер | |
|---|---|
| fixed length control field | 02837 a2200253 4500 |
| 003 - Ідентифікатор контрольного номера | |
| control field | UA-OsUOA |
| 005 - Дата та час останнього входження (трансакції) | |
| control field | 20200203111534.0 |
| 008 - Елементи даних фіксованої довжини – загальна інформація | |
| fixed length control field | 200117b un ||||| |||| 00| 0 ukr d |
| 020 ## - Міжнародний стандартний книжковий номер (ISBN) | |
| Міжнародний стандартний книжковий номер (ISBN) (НП) | 9789663830810 |
| 040 ## - Джерело каталогізації | |
| Агенція оригінальної каталогізації | UA-OsUOA |
| Мова каталогізації | ukr |
| Агенція, яка здійснювала перезапис | UA-OsUOA |
| Агенція, яка здійснювала модифікацію | UA-OsUOA |
| 041 ## - Код мови | |
| Код мови тексту/ звукової доріжки чи окремого заголовка (П) | ukr |
| 080 ## - Індекс Універсальної десяткової класифікації | |
| Індекс Універсальної десяткової класифікації (УДК) (НП) | 82.09(477) |
| 090 ## - Локальний шифр розміщення | |
| Класифікаційний індекс УДК | 82.09(477) |
| Авторський знак (НП) | Н63 |
| 100 ## - Основне введення – ім’я особи | |
| Ім’я особи (НП) | Ніколенко В. |
| 245 ## - Відомості про назву | |
| Назва (НП) | Письменник пописує |
| Решта назви (НП) | есеїзована енциклопедія неповторності |
| Дані про відповідальність (НП) | Валерій Ніколенко |
| 260 ## - Публікація, розповсюдження і т.п. (Вихідні дані) | |
| Ім’я/ наймення видавництва, розповсюджувача і т.п. (П) | ЛШРА |
| Дата публікації, розповсюдження і т.п. (П) | 2007 |
| Місце публікації, розповсюдження і т.п. (П) | Дніпропетровськ |
| 300 ## - Фізичний опис | |
| Обсяг | 384 с. |
| 505 ## - Форматована примітка про зміст | |
| Форматована примітка про зміст | ЗМІСТ <br/><br/>І. ПРИВІТ І ПАРДОН ……………………….4<br/><br/>ІІ. ЩО БОГ ДАВ……………………………..21<br/><br/>ІІІ. ПОШУКИ ЖАНРУ………………………41<br/><br/>IV. СПІВИ СПІВАВТОРІВ………………….63<br/><br/>V. ДОСВІД І ПРИКУП……………………….93<br/><br/>VІ. ЗАДУМ І ЗГОДОМ………………………117<br/><br/>VІІ. ПРОТО-НАЖІ ТА ПЕРСО-ТИПИ……..140<br/><br/>VІІІ. ЗДИВУВАННЯ, ПЕРЕВТІЛЕННЯ, РОЗДВОЄННЯ….162<br/><br/>ІХ. ЗВИЧКИ Й УПОДОБАННЯ……………196<br/><br/>Х. З НАТХНЕННЯМ І БЕЗ …………………216<br/><br/>ХІ. НУ, ЩО Б, ЗДАВАЛОСЯ, СЛОВА……..237<br/><br/>ХІІ. Я БАЧИВ ДИВНИЙ СТИЛЬ…….256<br/><br/>ХІІІ. КОРЕКЦІЯ Й ОПРИЛЮДНЕННЯ……281<br/><br/>XIV. СТРАТЕГІЇ, МАНЕВРИ, КОМПРОМІСИ….301<br/><br/>XV. ДАЛІ БУДЕ…..331<br/><br/>ПОКАЖЧИК ІМЕН….363<br/><br/>АНОТОВАНА БІБЛІОГРАФІЯ….381<br/><br/><br/> |
| 520 ## - Резюме і т.п. | |
| Резюме, реферат, анотація, тощо (НП) | Книга, просякнута пошуками своєрідності, являє собою першу в державі капітальну спробу поєднати розгляд психології творчості письменників і проблем художньої майстерності – вкупі з громадянською позицією. Початкуючі літератори знайдуть у ній розмаїту мозаїку запитань і відповідей, аналіз найвищих здобутків і прикрих прорахунків, а професіонали зможуть поглянути на свій рівень у контексті світових досягнень, заразом оцінивши місце України за найвищими критеріями. <br/><br/> |
| 650 ## - Додаткове предметне введення – тематичний термін | |
| Тематичний термін чи географічна назва, як елемент введення (НП) | 82 Література. Літературознавство |
| 942 ## - Додаткові елементи входу (Коха) | |
| Тип елемента Koha | Книги |
| Source of classification or shelving scheme | Universal Decimal Classification |
| 955 ## - Код типу видання за змістом | |
| Код типу видання за змістом (НП) | Літературно-художні видання |
| Стан вилучень | Стан втрат | Джерело класифікації або схеми стелажів | Стан уражень | Не для кредиту | Постійне місце розташування | Поточне розміщення | Дата придбання | Джерело придбання | Вартість, звичайна ціна покупки | Інвентарний номер | Усього замовленно | Повний номер виклику | Штрих-код | Дата останнього перегляду | Вартість, ціна заміни | Ціна ефективна від | Тип елемента Koha | Примітка, призначена для загального доступу |
|---|---|---|---|---|---|---|---|---|---|---|---|---|---|---|---|---|---|---|
| Universal Decimal Classification | АБ - Абонемент НБ | АБ - Абонемент НБ | 14/01/2020 | № 1/14.01.2014 | 75.00 | 162181 | 82.09(477) Н63 | 162181 | 10/02/2022 | 75.00 | 17/01/2020 | Книги | подаровано Ніколаєнком В. |